Statistics for NFL Hall of Fame Wide Receivers

Click here to take the quiz!

General Stats

  • This quiz has been taken 299 times
  • The average score is 14 of 27

Answer Stats

Primary Team(s)AnswerYears Active% Correct
San Francisco 49ersJerry Rice1985-2004
96%
Minnesota VikingsRandy Moss1998-2012
96%
San Francisco 49ersTerrell Owens1996-2010
86%
Indianapolis ColtsMarvin Harrison1996-2008
85%
Minnesota VikingsCris Carter1987-2002
83%
Dallas CowboysMichael Irvin1988-1999
82%
Seattle SeahawksSteve Largent1976-1989
79%
Los Angeles RaidersTim Brown1988-2004
75%
Buffalo BillsAndre Reed1985-2000
74%
Pittsburgh SteelersLynn Swann1974-1982
67%
San Diego ChargersLance Alworth1962-1972
60%
Washington RedskinsArt Monk1980-1995
59%
Pittsburgh SteelersJohn Stallworth1974-1987
52%
Oakland RaidersFred Biletnikoff1965-1978
49%
Baltimore ColtsRaymond Berry1955-1967
47%
Cleveland Browns/Miami DolphinsPaul Warfield1964-1977
41%
New York JetsDon Maynard1958-1973
38%
Green Bay PackersJames Lofton1978-1993
37%
Los Angeles RamsElroy Hirsch1946-1956
30%
Dallas CowboysBob Hayes1965-1975
29%
San Diego ChargersCharlie Joiner1969-1986
29%
Washington RedskinsCharley Taylor1964-1977
26%
Philadelphia EaglesTommy McDonald1957-1968
12%
Los Angeles RamsTom Fears1948-1956
11%
Cleveland Browns/Washington RedskinsBobby Mitchell1958-1968
10%
Cleveland BrownsDante Lavelli1946-1956
9%
Philadelphia EaglesPete Pihos1947-1955
9%

Score Distribution

Percentile by Number Answered

Percent of People with Each Score

Your Score History

You have not taken this quiz